| 000 | 00654nam a22001817a 4500 | ||
|---|---|---|---|
| 999 |
_c17900 _d17900 |
||
| 003 | OSt | ||
| 005 | 20230127130931.0 | ||
| 008 | 230127b ||||| |||| 00| 0 eng d | ||
| 040 | _c0 | ||
| 082 | _aDPer 910.46 T156 2019 v76PA-76PB | ||
| 100 |
_aForoudi, Pantea. _eauthor. _947622 |
||
| 245 |
_aInfluence of brand signature, brand awareness, brand attitude, brand reputation on hotel industry's brand performance / _cPantea Foroudi. |
||
| 260 |
_aAmsterdam : _bElsevier, _c©January 2019. |
||
| 300 | _av 76PA, pages 271-285 : illustrations. | ||
| 650 |
_aHospitality industry. _947623 |
||
| 700 |
_aForoudi, Pantea. _eauthor. _947622 |
||
| 942 |
_2ddc _cPER |
||